Santo Domingo de Silos (Record no. 182373)

MARC details
000 -LEADER
campo de control de longitud fija 00716nam a2200181 i 4500
001 - NÚMERO DE CONTROL
campo de control 182373
003 - IDENTIFICADOR DE NÚMERO DE CONTROL
campo de control ES-MaACL
005 - FECHA Y HORA DE LA ÚLTIMA TRANSACCIÓN
campo de control 20230906221607.0
008 - DATOS DE LONGITUD FIJA--INFORMACIÓN GENERAL
campo de control de longitud fija 130806s1949 sp a |||| | spa d
080 ## - NÚMERO DE LA CLASIFICACIÓN DECIMAL UNIVERSAL
Número de la Clasificación Decimal Universal 726.71(463.4 Santo Domingo)
100 1# - ENTRADA PRINCIPAL--NOMBRE DE PERSONA
Nombre de persona Ruiz, Agustín S.
9 (RLIN) 100588
245 10 - MENCIÓN DEL TÍTULO
Título Santo Domingo de Silos
Resto del título : su historia, sus monumentos y objetos artísticos, la vida monástica /
Mención de responsabilidad, etc. por Agustín S. Ruiz.
260 ## - PUBLICACIÓN, DISTRIBUCIÓN, ETC.
Lugar de publicación, distribución, etc. Burgos :
Nombre del editor, distribuidor, etc. Aldecoa,
Fecha de publicación, distribución, etc. 1949.
300 ## - DESCRIPCIÓN FÍSICA
Extensión 95 p. :
Otras características físicas il. ;
Dimensiones 17 cm.
610 24 - PUNTO DE ACCESO ADICIONAL DE MATERIA--NOMBRE DE ENTIDAD CORPORATIVA
Nombre de entidad corporativa o nombre de jurisdicción como elemento de entrada Abadía de Silos-
Subdivisión de forma Historia.
9 (RLIN) 1135
651 #4 - PUNTO DE ACCESO ADICIONAL DE MATERIA--NOMBRE GEOGRÁFICO
Nombre geográfico Santo Domingo de Silos-
Subdivisión general Edificios, estructuras, etc.
9 (RLIN) 153189
852 ## - LOCALIZACIÓN
Ubicación ES-MaACL
Número de control de estantería 2320-F-6
Nota libre . - Donat. herederos de la bibl. de Mª Pilar Costa Palacín
Holdings
Estatus retirado Estado de pérdida Estado de daño No para préstamo Colección Biblioteca de origen Biblioteca actual Ubicación en estantería Fecha de adquisición Fuente de adquisición Total de préstamos Signatura topográfica completa Código de barras Visto por última vez Precio de reemplazo Tipo de ítem Koha
        Colección de folletos Biblioteca del Ateneo de Madrid Biblioteca del Ateneo de Madrid Depósito folletos 06/08/2013     2320-F-6 1191651 23/02/2023 23/02/2023 Folleto